တြႃးပုတ်ႉထၽႃႇသႃႇ (ၸၼ်ႉငဝ်ႈ)။ (Record no. 24712)

000 -LEADER
fixed length control field 00923nam a22002297a 4500
003 - CONTROL NUMBER IDENTIFIER
control field OSt
005 - DATE AND TIME OF LATEST TRANSACTION
control field 20260122200258.0
008 - FIXED-LENGTH DATA ELEMENTS--GENERAL INFORMATION
fixed length control field 230523b ||||| |||| 00| 0 eng d
040 ## - CATALOGING SOURCE
Original cataloging agency SSBUL
Transcribing agency SSBUL
041 ## - LANGUAGE CODE
Language code of text/sound track or separate title Shan
082 ## - DEWEY DECIMAL CLASSIFICATION NUMBER
Classification number 294.3
245 ## - TITLE STATEMENT
Title တြႃးပုတ်ႉထၽႃႇသႃႇ (ၸၼ်ႉငဝ်ႈ)။
Statement of responsibility, etc. ၸဝ်ႈသုၶမ်း ပိၼ်ႇ-
260 ## - PUBLICATION, DISTRIBUTION, ETC.
Place of publication, distribution, etc. တႃႈၵုင်ႈ
Name of publisher, distributor, etc. ထၢၼ်ၵုမ်းသႃႇသၼႃႇ
Date of publication, distribution, etc. 1999
300 ## - PHYSICAL DESCRIPTION
Extent 282 ၼႃႈ
Other physical details လွၵ်း
Dimensions 20 ၸိၼ်ႇထီႇ
500 ## - GENERAL NOTE
General note S-SAT: Dr. Prof Sai Aung Tun
General note ပပ်ႉၸဝ်ႈတႃႇၼႁင်းၶေႃ တွၵ်ႉတိူဝ်ႇၸၢႆးဢွင်ႇထုၼ်း
504 ## - BIBLIOGRAPHY, ETC. NOTE
Bibliography, etc. note ပႃးတွၼ်ႈသိုပ်ႇလင်
650 ## - SUBJECT ADDED ENTRY--TOPICAL TERM
Topical term or geographic name entry element ပုတ်ႉၽႃႇသႃႇ
942 ## - ADDED ENTRY ELEMENTS (KOHA)
Koha item type Book (Short term)
650 ## - SUBJECT ADDED ENTRY--TOPICAL TERM
9 (RLIN) 24344
Source of classification or shelving scheme
Source of classification or shelving scheme
Holdings
Withdrawn status Lost status Source of classification or shelving scheme Damaged status Not for loan Collection Code Permanent Location Current Location Shelving location Date acquired Total Checkouts Full call number Barcode Date last seen Date last checked out Copy number Price effective from Koha item type Accession
          Special Collections Shan State Buddhist University Library Shan State Buddhist University Library Special Collection Shelves 23/05/2023 4 294.3 တြႃး ႑႗႔႕ S-SAT SH00001745 09/02/2026 27/01/2026 1 23/05/2023 Book (Short term) ႑႗႔႕ S-SAT

Library - 09407999929
Admin Office - 09407999979
Dean Office - 09250910768
Registrar Office - 09892297154
Email - [email protected]
Shan State Buddhist University, Phaya Phyu Taunggyi, Shan State, Myanmar.